Category the Competitive Force of the Country

Problémy redefinície obsahu pojmu „medzinárodná konkurencieschopnosť krajiny“ a jeho vzťahu k takým kategóriám ako „medzinárodná konkurencieschopnosť tovaru“, „medzinárodná konkurencieschopnosť spoločnosti“, „medzinárodná konkurencieschopnosť priemyslu“. Diferenciácia kategórie medzinárodnej konkure...

Full description

Saved in:
Bibliographic Details
Main Author: Zayats, Olena I.
Format: Book Chapter
Language:Ukrainian
Subjects:
Tags: Add Tag
No Tags, Be the first to tag this record!

MARC

LEADER 00000naa a2200000 4500
001 0272467
005 20210309085125.3
041 0 |a ukr 
044 |a UA 
245 1 0 |a Category the Competitive Force of the Country  |c Olena I. Zayats 
520 |a Problémy redefinície obsahu pojmu „medzinárodná konkurencieschopnosť krajiny“ a jeho vzťahu k takým kategóriám ako „medzinárodná konkurencieschopnosť tovaru“, „medzinárodná konkurencieschopnosť spoločnosti“, „medzinárodná konkurencieschopnosť priemyslu“. Diferenciácia kategórie medzinárodnej konkurencieschopnosti na mikro a mezo úrovni od makro úrovne a úvod do vedeckého obehu novej definície pojmu „konkurenčná sila krajiny“ namiesto „medzinárodná konkurencieschopnosť krajiny“. 
610 2 0 |a konkurencieschopnosť 
610 2 0 |a produktivita 
610 2 0 |a priemysel 
610 2 0 |a prostredie konkurenčné 
100 1 |a Zayats, Olena I.